The public international conference ; its function, organization and procedure /

Bibliographic Details
Main Author: Hill, Norman L. (Norman Llewellyn), 1895-
Format: Book
Language:English
Published: Stanford University, California : London : Stanford university press; H. Milford, Oxford university press, 1929.
Series:Stanford books in world politics.
Subjects:

MARC

Tag First Indicator Second Indicator Subfields
LEADER 00000cam a2200000 4500
001 in00000066100
005 20151008051246.0
008 751112s1929 cau b 00000 eng
010 |a  29010290  
035 |a (OCoLC)01827873 
035 |9 AAG6802AM 
040 |a DLC  |c IAU  |d TXA  |d UtOrBLW 
049 |a TXAM  |c [113713] 
050 0 0 |a JX41  |b .H5 
092 |a 341.1  |b H647p 
100 1 |a Hill, Norman L.  |q (Norman Llewellyn),  |d 1895- 
245 1 4 |a The public international conference ;  |b its function, organization and procedure /  |c by Norman L. Hill. 
264 1 |a Stanford University, California :  |b Stanford university press;  |a London :  |b H. Milford, Oxford university press,  |c 1929. 
300 |a xi, 267 pages ;  |c 20 cm. 
336 |a text  |b txt  |2 rdacontent 
337 |a unmediated  |b n  |2 rdamedia 
338 |a volume  |b nc  |2 rdacarrier 
490 1 |a Stanford books in world politics 
504 |a Bibliography: pages 255-259. 
650 0 |a International cooperation  |v Congresses. 
650 0 |a Congresses and conventions. 
740 0 |a International conference. 
830 0 |a Stanford books in world politics. 
999 |a MARS 
999 f f |s 671e0c03-89fb-354d-8496-ba74f7d5268f  |i 7497ab78-bf9f-399b-9c4c-4bf56cbb54f2  |t 0 
952 f f |p ric  |a Texas A&M University  |b Rellis Campus  |c Joint Library Facility  |d Remote Storage  |t 0  |e JX41 .H5  |h Library of Congress classification  |i unmediated -- volume  |m A14800782162 
998 f f |a JX41 .H5  |t 0  |l Remote Storage